You've got to have a system (Record no. 68280)
[ view plain ]
| 000 -LEADER | |
|---|---|
| fixed length control field | 00968cam a2200205 4500 |
| 001 - CONTROL NUMBER | |
| control field | ABS64550 |
| 008 - FIXED-LENGTH DATA ELEMENTS--GENERAL INFORMATION | |
| fixed length control field | 010917n2001 000 0 eng u |
| 035 ## - SYSTEM CONTROL NUMBER | |
| System control number | (Sirsi) u114613 |
| 100 ## - MAIN ENTRY--PERSONAL NAME | |
| Personal name | Circo, E. |
| 245 ## - TITLE STATEMENT | |
| Title | You've got to have a system |
| 260 ## - PUBLICATION, DISTRIBUTION, ETC. | |
| Date of publication, distribution, etc. | 2001 |
| 490 ## - SERIES STATEMENT | |
| Series statement | Estates Gazette |
| Volume/sequential designation | (0136) 8 September 2001, 163(1) |
| 520 ## - SUMMARY, ETC. | |
| Summary, etc. | Selecting lease administration software that will be suitable for your company can be a bewildering process. For in the US market alone there are over fifteen different vendors to choose from. Stresses the importance of establishing exactly what kind of system your company requires before making a purchase. Provides a useful checklist of criteria users should consider when assessing a lease administration package. |
| 590 ## - LOCAL NOTE (RLIN) | |
| Local note | ABS |
| 650 ## - SUBJECT ADDED ENTRY--TOPICAL TERM | |
| Topical term or geographic name entry element | LEASE ADMINISTRATION SOFTWARE |
| 650 ## - SUBJECT ADDED ENTRY--TOPICAL TERM | |
| Topical term or geographic name entry element | GUIDANCE |
| 650 ## - SUBJECT ADDED ENTRY--TOPICAL TERM | |
| Topical term or geographic name entry element | SELECTION CRITERIA |
| 690 ## - LOCAL SUBJECT ADDED ENTRY--TOPICAL TERM (OCLC, RLIN) | |
| Topical term or geographic name as entry element | MANAGEMENT-BUSINESS MANAGEMENT-INFORMATION MANAGEMENT |
| 942 ## - ADDED ENTRY ELEMENTS (KOHA) | |
| Suppress in OPAC | 0 |
| Withdrawn status | Lost status | Source of classification or shelving scheme | Damaged status | Not for loan | Home library | Current library | Shelving location | Date acquired | Total Checkouts | Full call number | Barcode | Date last seen | Copy number | Price effective from | Koha item type |
|---|---|---|---|---|---|---|---|---|---|---|---|---|---|---|---|
| Dewey Decimal Classification | London | London | Journal article | 17/09/2001 | ABS64550 | 114613-1001 | 06/08/2019 | 1 | 06/08/2019 | Journal article |